Negociación colectiva e igualdad de ingresos en un mundo en integración /

Wedi'i Gadw mewn:
Manylion Llyfryddiaeth
Prif Awdur: Hayter, Susan
Fformat: Texto
Pynciau:
Tagiau: Ychwanegu Tag
Dim Tagiau, Byddwch y cyntaf i dagio'r cofnod hwn!

MARC

LEADER 00000 a a2200000 04500
001 5565
003
040
100 |a Hayter, Susan  
245 |a Negociación colectiva e igualdad de ingresos en un mundo en integración /  |c Susan Hayter 
650 |a DISTRIBUCION DEL INGRESO  
650 |a NEGOCIACION COLECTIVA  
650 |a NEGOCIACION COLECTIVA  
650 |a SINDICALISMO  
773 |g número 128; páginas 49-55  
999 |c 26118  |d 26118